Diseño de un traductor digital para el control del tráfico saliente en centrales Hitachi
Bewaard in:
| Hoofdauteur: | |
|---|---|
| Andere auteurs: | |
| Formaat: | Boek |
| Gepubliceerd in: |
[San José , Costa Rica]
1994
|
| Onderwerpen: | |
| Tags: |
Voeg label toe
Geen labels, Wees de eerste die dit record labelt!
|
MARC
| LEADER | 00000nam a2200000Ia 4500 | ||
|---|---|---|---|
| 003 | 007551 | ||
| 005 | 20221231144300.0 | ||
| 008 | 140114s1994 cr a m 000 ||s d | ||
| 040 | |c cru CEDI | ||
| 090 | |a TFG 3201 | ||
| 100 | |a Vargas Gómez, Roberto Antonio |9 11122 | ||
| 245 | |a Diseño de un traductor digital para el control del tráfico saliente en centrales Hitachi | ||
| 260 | |c 1994 |a [San José , Costa Rica] | ||
| 300 | |a ix, 61 páginas : ilustraciones (1 plegables). | ||
| 500 | |a Proyecto de graduación (bachillerato en ingeniería eléctrica)--Universidad de Costa Rica. Facultad de Ingeniería. Escuela de Ingeniería | ||
| 650 | |x CENTRALES TELEFONICAS |x CIRCUITOS DE INTERFAZ |9 10518 | ||
| 700 | |9 11123 |a Arroyo Ballestero, Harold | ||
| 942 | |c TFG | ||
| 999 | |c 19552 |d 19552 | ||
